Základy zostrojovania technických nomogramov

Bibliographic Details
Main Author: Daniel, Anton (Author)
Format: Book
Language:Undetermined
PhysicalDescription:79 s.
Published: Bratislava Slovenské prdagogické nakladateľstvo 1955
Edition:1. vyd.

MARC

LEADER 00000nam a2200000 a 4500
001 vtls001472360
003 SK-MaSNL
005 20260302073514.0
008 240315s1955 xx 0 und
035 |a SNK000427662 
040 |a SNK  |b slo  |c SNK  |e AACR2 
100 1 |a Daniel, Anton  |4 aut  |9 346666 
245 1 |a Základy zostrojovania technických nomogramov 
250 |a 1. vyd. 
260 |a Bratislava  |b Slovenské prdagogické nakladateľstvo  |c 1955 
300 |a 79 s. 
999 |c 1161094  |d 1163024 
952 |t P60, <03>, [BOOK], {603}  |a SNK  |b SNK  |y PREZ  |7 0  |p 17A0423728  |o snkSD 9881  |i snk859/55  |0 0  |1 0  |4 0  |d 2004-03-31  |l 0  |r 2025-11-24 00:00:00  |w 2026-02-24 
952 |a SNK  |b SNK  |y VYP  |7 0  |p 17A0683494  |o snkSD 9881 D1  |i snkI. 6215/55  |0 0  |1 0  |4 0  |d 2011-01-07  |l 0  |r 2026-02-24 20:32:51  |w 2026-02-24